000 00324nam a2200145Ia 4500
100 _aScheffel/ R.L. ed
650 _aGeneral
942 _cRB
654 _aNatural wonders
245 _aNatural wonders of the world
260 _bReading digest
_aHongkong
_c1980
082 _a910.02
300 _a463
546 _aENGLISH
999 _c17856
_d17856